[Event "IECC O email"]
[Site "IECC email"]
[Date "1999.06.22"]
[Round "?"]
[White "Trimble, Timothy"]
[Black "City, Hank"]
[Result "0-1"]
[WhiteElo "1149"]
[BlackElo "1160"]
[PlyCount "52"]
[EventDate "1999.??.??"]
[EventType "tourn (corr)"]
[EventRounds "6"]
[SourceTitle "Corr 2008"]
[Source "ChessBase"]
[SourceDate "2008.06.24"]
[SourceVersion "1"]
[SourceVersionDate "2008.06.24"]
[SourceQuality "1"]

1. d4 Nf6 2. Nc3 d5 3. g3 Bf5 4. Bf4 c6 5. e3 h6 6. h4 e6 7. Nf3 Bb4 8. Bd3 Bh7 9. 0-0 Ne4 10. a3 Bxc3 11. bxc3 Nxc3 12. Qd2 Ne4 13. Bxe4 dxe4 14. Ne5 g5 15. hxg5 hxg5 16. Bxg5 Qxg5 17. Rab1 Qe7 18. f4 f6 19. Nc4 b6 20. a4 Bf5 21. Qg2 Bh3 22. Qxe4 Bxf1 23. Rxf1 Kd7 24. Rd1 Qh7 25. Qh1 Qxh1+ 26. Kf2 Rh2# 0-1

[Event "IECC O email"]
[Site "IECC email"]
[Date "1999.02.03"]
[Round "?"]
[White "Farrens, Albert"]
[Black "Trimble, Timothy"]
[Result "1-0"]
[WhiteElo "1020"]
[BlackElo "1179"]
[PlyCount "109"]
[EventDate "1999.??.??"]
[EventType "tourn (corr)"]
[EventRounds "6"]
[SourceTitle "Corr 2008"]
[Source "ChessBase"]
[SourceDate "2008.06.24"]
[SourceVersion "1"]
[SourceVersionDate "2008.06.24"]
[SourceQuality "1"]

1. e4 d6 2. d4 Nf6 3. Nc3 e5 4. dxe5 dxe5 5. Qxd8+ Kxd8 6. Bg5 Be6 7. Bxf6+ gxf6 8. Nf3 Bc5 9. b3 Nc6 10. Bc4 Nb4 11. 0-0-0+ Ke7 12. Bxe6 fxe6 13. Rd2 Rhg8 14. g3 Rad8 15. Rf1 a5 16. Kb1 c6 17. h4 h5 18. Na4 Ba7 19. Nb2 b5 20. Rfd1 Nd5 21. exd5 Rxd5 22. Nh2 e4 23. Nf1 f5 24. a4 bxa4 25. Nxa4 Rgd8 26. Kc1 Bxf2 27. Nc3 e3 28. Rd3 R5d7 29. Rxd7+ Rxd7 30. Rxd7+ Kxd7 31. Kd1 e5 32. Ke2 Kd6 33. Nxe3 Bxe3 34. Kxe3 Kc5 35. Ne4+ Kd5 36. Nf6+ Ke6 37. Nxh5 c5 38. c4 Kf7 39. g4 fxg4 40. Ng3 Kg6 41. Ke4 Kf6 42. Kd5 e4 43. Kxe4 Ke6 44. Kf4 Kd6 45. Kxg4 Ke5 46. Kg5 Kd4 47. h5 Kc3 48. h6 Kxb3 49. h7 a4 50. h8Q a3 51. Qb8+ Kxc4 52. Kf4 a2 53. Qb2 Kd3 54. Qb3+ Kd4 55. Nf5# 1-0